000 00751nam a22002297a 4500
008 240606b mp ||||| |||| 00| 0 mon d
020 _a99929-0-475-5
035 _a15907
040 _aBUL0163080
_bmon
_cMN-UlNLM
_dMN-UlNLM
_erda
041 _amon
042 _a40414
084 _2NNA
_a28.6
_bК 92
100 _aКуппэр Х.
245 0 _aДууч шувууд /Хүүхдийн танин мэдэхүйн цувралаас/
264 _aУлаанбаатар
_bАдмон ХХК
300 _a12 х.
336 _2rdacontent
_atext
_btxt
337 _2rdamedia
_aunmediated
_bn
338 _2rdacarrier
_avolume
_bnc
650 _aДууч шувууд Дууч шувууд, Үлгэр, Хила Куппэр
942 _2NNA
_cBK
999 _c854926
_d854983